Effectif Racing Club de Toulon 2026 RCT - Statistiques

Statistiques générales
  • Ce quiz a été pris 36 fois
  • Le résultat moyen est 33 sur 55
Statistiques - réponses
Poste Nationalité Statut Match Joué Réponse % Correct
Demi de mêlée France International 16 Baptiste Serin
97%
Troisieme Ligne France International 11 Charles Ollivon
97%
Ailier France International 15 Gaël Dréan
97%
Pilier Gauche France International 11 Jean Baptiste Gros
94%
Ailier France International 4 Gabin Villière
90%
Centre Italie International 12 Juan-Ignacio Brex
90%
Arrière France Pro 14 Marius Domon
90%
Arrière France International 11 Melvyn Jaminet
90%
Demi d'Ouverture Italie International 10 Paulo Garbisi
90%
Pilier Gauche France International 19 Dany Priso
87%
Pilier Droit Angleterre International 18 Kyle Sinckler
87%
Demi de mêlée Ecosse International 13 Ben White
84%
Deuxieme Ligne Angleterre International 16 David Ribbans
84%
Centre Fidji International 12 Setariki Tuicuvu
84%
Pilier Droit Géorgie International 10 Beka Gigashvili
81%
Talonneur France International 20 Teddy Baubigny
81%
Demi d'Ouverture Argentine International 7 Tomas Albornoz
81%
Centre France Pro 17 Jeremy Sinzelle
77%
Centre France International 2 Antoine Frisch
71%
Troisieme Ligne France International 18 Esteban Abadie
71%
Centre Nouvelle-Zélande International 9 Ma'a Nonu
71%
Arrière France Pro 20 Mathis Ferte
71%
Troisieme Ligne Angleterre International 20 Lewis Ludlam
68%
Centre France Pro 4 Rayan Rebbadj
68%
Deuxieme Ligne France International 11 Swan Rebbadj
68%
Deuxieme Ligne France Espoir 10 Corentin Mézou
65%
Centre France Espoir 11 Oliver Cowie
65%
Entraineur France Pierre Mignoni
65%
Troisieme Ligne Angleterre International 17 Zach Mercer
65%
Talonneur Italie International 3 Gianmarco Luchesi
61%
Talonneur France Espoir 14 Pierre Damond
61%
Centre France Pro 11 Mathieu Smaïli
58%
Demi de mêlée France Pro 6 Clovis Le Bail
55%
Troisieme Ligne France Espoir 11 Joe Quere Karaba
55%
Demi d'Ouverture France Pro 11 Matéo Garcia
55%
Deuxieme Ligne France International 2 Matthias Halagahu
55%
Deuxieme Ligne Samoa International 22 Brian Alainu'uese
52%
Pilier Gauche France Pro 11 Daniel Brennan
52%
Troisieme Ligne France Pro 11 Jules Coulon
48%
Deuxieme Ligne Géorgie International 7 Giorgi Javakhia
45%
Deuxieme Ligne Angleterre Espoir 3 Junior Kpoku
45%
Troisieme Ligne Géorgie International 1 Mikheili Shioshvili
42%
Président France Bernard Lemaitre
39%
Pilier Gauche France Espoir 14 Léo Ametlla
39%
Talonneur France International 0 Mickaël Ivaldi
32%
Pilier Gauche France Espoir 0 Samuel Jean Christophe
32%
Demi d'Ouverture France Pro 0 Enzo Hervé
29%
Troisieme Ligne France Espoir 2 Patrick Tuifua
29%
Talonneur France Espoir 1 Lohan Gil
26%
Pilier Droit Géorgie International 3 Nikoloz Narmania
23%
Ailier France Espoir 2 Matéo Gracieux
19%
Arrière France Espoir 2 Barnabé Méchentel
13%
Pilier Droit France Espoir 2 Owen Sorhaindo
13%
Troisieme Ligne France Espoir 1 Noam Moreau
6%
Troisieme Ligne France Espoir 1 Jovan Sreckovic
3%
Aucun quiz correspondant
Distribution des résultats
% des personnes avec chaque résultat
Percentile par nombre de réponses
Votre historique - résultats
Vous n’avez pas pris ce quiz